000 00444pab a2200181 454500
008 180718b2011 xxu||||| |||| 00| 0 eng d
100 _aMoore, Dawn
245 _aSpatio-therapeutics: Drug treatment courts and urban space
260 _c2011
300 _ap.157-172.
362 _aJun
650 _aTherapy
700 _aKrawczyk, Marian
700 _aFreeman, Lisa
773 _aSocial & Legal Studies
908 _aN
909 _a92865
999 _c92865
_d92865